| 000 | 00398nam a22001217a 4500 | ||
|---|---|---|---|
| 999 |
_c533092 _d533092 |
||
| 020 | _a9789363953352 | ||
| 082 | _aQ43x54 P886 | ||
| 100 |
_aPrasad, Simala _960182 |
||
| 245 |
_aShe goes missing: broken childhoods, fractured systems, and the pursuit of justice in India _cby Simala Prasad |
||
| 260 |
_aNoida _bOm Books International _c2026 |
||
| 300 | _a384p. | ||
| 650 |
_aChild welfare - India _960183 |
||